000 00959cam a22003498a 4500
003 OSt
005 20140310182432.0
008 090430s2010 iau 001 0 eng
020 _a9780071222129 (hard copy : alk. paper)
020 _a0073040525 (hard copy : alk. paper)
042 _apcc
050 0 0 _aQK 47
_b.B585 2011
082 0 0 _a
100 1 _aBidlack, James E.
_97779
245 1 0 _aStern's introductory plant biology /
_cJames E. Bidlack, Shelley H. Jansky.
246 3 0 _aIntroductory plant biology
250 _a12th ed.
260 _aDubuque, IA :
_bMcGraw-Hill,
_c2011.
263 _a1001
300 _a622 p. :
_bcol. ill. ;
_c28 cm.
500 _a
500 _a
505 0 _a
521 _a
526 _c
541 _j1
562 _e1
650 0 _aBotany.
_97699
700 1 _aJansky, Shelley.
_97780
700 1 _aStern, Kingsley Rowland.
_tIntroductory plant biology.
_97781
942 _2lcc
_cSSLC
_k
999 _c13396
_d13396